Statistics for Countries with the Most Total Land Borders

Click here to take the quiz!

General Stats

  • This quiz has been taken 286 times
  • The average score is 12 of 18

Answer Stats

TotalUniqueCountry% Correct
1614Russia
99%
1714China
98%
1010Brazil
89%
1210France
88%
159Germany
88%
96India
87%
109DR Congo
84%
87Iran
69%
98Turkey
66%
98Austria
64%
87Ukraine
59%
88Serbia
55%
95Spain
51%
85Switzerland
48%
322Netherlands
43%
394Belgium
38%
88Tanzania
37%
88Zambia
35%

Score Distribution

Percentile by Number Answered

Percent of People with Each Score

Your Score History

You have not taken this quiz